| 000 | 00854nam a22002415a 4500 | ||
|---|---|---|---|
| 003 | OSt | ||
| 005 | 20161126140344.0 | ||
| 008 | 161126s2010 ua frb 000 0 ara d | ||
| 015 | _a2010/1657 | ||
| 020 | _a9789770465066 | ||
| 040 |
_aEG-ScBUE _bara _cEG-ScBUE |
||
| 082 | 0 | 4 |
_a341 _bح د ي _222 |
| 100 | 1 | _aحديثي، علي خليل إسماعيل. | |
| 245 | 1 | 2 |
_aالقانون الدولي العام / _cتاليف علي خليل إسماعيل الحديثي. |
| 260 |
_aالقاهرة : _bدار النهضة العربية، _c2010. |
||
| 300 |
_aمج. 1 (200 ص.) ؛ _c24 سم. |
||
| 504 | _aيشتمل على إرجاعات ببليوجرافية. | ||
| 505 | 2 | _aج. 1. المبادئ والأصول. | |
| 650 | 7 |
_aالقانون الدولي العام. _2BUEsh |
|
| 651 | _2BUEsh | ||
| 653 |
_bLLAAWW _cNovember2016 |
||
| 942 | _2ddc | ||
| 999 |
_c23333 _d23305 |
||